00727nam a2200241 a 4500001001300000003000900013005001700022008004100039020001000080082001600090100001500106245006900121260003700190300000900227500003500236505001000271650002500281700001500306902000800321942000700329952013200336999001700468nice12345678IN_TiNIC20260116013856.0050524s1998 gina grp 000 0 eng  ac18000a340.59bSWA aSwaroop, R aLaw Relating to Muslim Marriage, Dower, Divorce and Maintenance. aGingee T.N.bVSS Law Housec1998 a323p aincludes index and biblioraphy2 aIndex aIslamic-Law Marriage1 aSwaroop, R bSRS cBK 001040708StackRoom-aHMIbHMId2012-04-18g180.00l7m2o340.59 SWAp019770r2022-02-24s2022-02-11v180.00w2005-05-24yBK c12908d12908